000 00734nam a2200205 i 4500
001 183450
003 ES-MaACL
005 20230906221910.0
008 140624q19001925sp |||| | spa d
080 _a821.111-32"19"
100 0 _aQuiller-Couch, Arthur Thomas
_cSir (
_d1863-1944)
_994635
245 1 3 _aLa peña del muerto
_b: novela escrita en inglés /
_cpor Q [ Arthur Thomas Quiller-Couch] arreglada al español.
260 _aMadrid :
_b[s.n.,
_c19-?]
300 _a91 p. :
_bil. ;
_c26 cm.
490 1 _aBiblioteca alrededor del mundo
500 _aTexto a dos columnas.
830 0 _aBiblioteca alrededor del mundo
_9191991
852 _aES-MaACL
_jG-6059(1)
_z.- Encuadernada con otras obras
999 _c183450
_d183450